书目信息 |
| 题名: |
大学英文写作 第一册
|
|
| 作者: | 赵文书 , 康文凯 编 | |
| 分册: | ||
| 出版信息: | 南京 南京大学出版社 1997.02 |
|
| 页数: | 246页 | |
| 开本: | 32开 | |
| 丛书名: | ||
| 单 册: | ||
| 中图分类: | H315 | |
| 科图分类: | ||
| 主题词: | 英语 | |
| 电子资源: | ||
| ISBN: | 7-305-02997-1 | |
| 000 | 00594nam0 2200205 45 | |
| 001 | 0009091163 | |
| 005 | 20000909113710.0 | |
| 010 | @a7-305-02997-1@d10.00元 | |
| 100 | @a20000909d1997 km y0chiy0120 ea | |
| 101 | 0 | @achi |
| 105 | @a z 000yy | |
| 200 | 1 | @a大学英文写作 第一册@ADa Xue Ying Wen Xie Zuo Di Yi Ce@f赵文书,康文凯编@FZhao Wen Shu,Kang Wen Kai Bian |
| 210 | @a南京@c南京大学出版社@d1997.02 | |
| 215 | @a246页@d32开 | |
| 606 | 0 | @a英语 |
| 690 | @aH315@v3 | |
| 701 | 0 | @a赵文书@4编 |
| 701 | 0 | @a康文凯@4编 |
| 801 | @aCN@bPftUser@c20000909 | |
| 905 | @dH315@eL221:1@b131147-151@f5 | |
| 大学英文写作 第一册/赵文书,康文凯编.-南京:南京大学出版社,1997.02 |
| 246页;32开 |
| ISBN 7-305-02997-1:10.00元 |
| ● |
| 相关链接 |
|
|
|
正题名:大学英文写作第一册
索取号:H315/L221:1
 
预约/预借
| 序号 | 登录号 | 条形码 | 馆藏地/架位号 | 状态 | 备注 |
| 1 | 131147 | 201311473 | 语言库209/209语言库 37排2列1层/ [索取号:H315/L221:1] | 在馆 | |
| 2 | 131148 | 201311482 | 语言库209/209语言库 37排2列1层/ [索取号:H315/L221:1] | 在馆 | |
| 3 | 131149 | 201311491 | 语言库209/209语言库 38排7列3层/ [索取号:H315/L221:1] | 在馆 | |
| 4 | 131150 | 201311507 | 语言库209/209语言库 37排2列1层/ [索取号:H315/L221:1] | 在馆 | |
| 5 | 131151 | 201311516 | 社科二线400B/400B社科库 8排4列4层/ [索取号:H315/L221:1] | 在馆 |